Marketing Identity 2017: onlinové pravidlá zborník z medzinárodnej vedeckej konferencie : Kongresové centrum SAV, Smolenický zámok, 7. – 8. november 2017

Gespeichert in:
Bibliographische Detailangaben
Körperschaft: Marketing Identity 2017: Online Rules. International Scientific Conference
Weitere Verfasser: Jurišová, Vladimíra, Klementis, Martin, Radošinská, Jana
Format: Buch
Sprache:Slowakisch
Veröffentlicht: Trnava Fakulta masmediálnej komunikácie UCM v Trnave 2017
Ausgabe:1. vydanie
Schlagworte:
Tags: Tag hinzufügen
Keine Tags, Fügen Sie das erste Tag hinzu!

MARC

LEADER 00000nlm a2200000 4500
001 0241875
005 20220822112618.5
020 |a 978-80-8105-919-3 
041 0 |a slo 
044 |a SK 
245 1 0 |a Marketing Identity 2017: onlinové pravidlá  |b zborník z medzinárodnej vedeckej konferencie : Kongresové centrum SAV, Smolenický zámok, 7. – 8. november 2017  |c editori: Vladimíra Jurišová, Martin Klementis, Jana Radošinská 
250 |a 1. vydanie 
264 1 |a Trnava  |b Fakulta masmediálnej komunikácie UCM v Trnave  |c 2017 
300 |a online 286 s. 
610 2 0 |a marketing 
610 2 0 |a marketing elektronický 
610 2 0 |a spotrebitelia 
610 2 0 |a vzdelanie 
610 2 0 |a stratégia marketingová 
610 2 0 |a internet 
700 1 |a Jurišová, Vladimíra 
700 1 |a Klementis, Martin 
700 1 |a Radošinská, Jana 
110 2 |a Marketing Identity 2017: Online Rules. International Scientific Conference